000 00747nam a2200229Ia 4500
003 GCL
008 140319s9999 xx 000 0 ara d
040 _aGCL /
_cGCL
082 0 4 _a025.54
_bم خ
100 1 _aمدحت كاظم
245 1 0 _aالخدمة المكتبية المدرسية مقوماتها وتنظيمها وانشطتها /
_cمدحت كاظم
260 _a[S.N] :
_bالدار المصرية اللبنانية ،
_c1993
300 _a305 ص
490 _a
650 0 4 _aمكتبات الاطفال
650 0 4 _aالخدمة المكتبية
650 0 4 _aالارشاد المرجعى
650 0 4 _aالمكتبات
650 0 4 _aالمكتبات المدرسية
650 0 4 _aالاعارة
942 _2ddc
_cBK
999 _c31370
_d31370